00439 aa a2200157 4500008004100000010001400041020001500055020001600070035001300086082001000099100001600109245003700125260009200162260000900254300001800263081021t xxu||||| |||| 00| 0 eng d aENG-84556 a8189000829 c750.00 (hb) aEN-68089 a304.2 aMishra, P L aHuman geography /cby P L Mishra aNew DelhibVishvabharti Publicationse4378/B, Ansari Road, Darya Ganj, New Delhi-110002 c2007 avi,388pc23cm